| 000 | 01076nam a2200301 i 4500 | ||
|---|---|---|---|
| 001 | bg | ||
| 003 | BPK | ||
| 005 | 20211115123954.0 | ||
| 008 | 010110s2000 pl f f |000 0 pol | ||
| 015 | _aPB 2006/2740 | ||
| 020 | _a8387875511 | ||
| 040 |
_aWA N _cBPK |
||
| 080 | _a656.1/.5 | ||
| 080 | _a656.61 | ||
| 080 | _a(075.8) | ||
| 100 | 1 |
_aKubicki, Jerzy _c(ekonomista) _eAutor |
|
| 245 | 1 | 0 |
_aTransport międzynarodowy i multimodalne systemy transportowe / _cJerzy Kubicki, Ilona Urbanyi-Popiołek, Joanna Miklińska ; [Wyższa Szkoła Morska Gdynia]. |
| 260 |
_aGdynia : _bWyższa Szkoła Morska, _c2000. |
||
| 300 |
_a264 s., [1] k. tabl. złoż. ; _c21 cm. |
||
| 504 | _aBibliogr. s.260-264. | ||
| 655 | 4 | _aPodręczniki akademickie | |
| 650 | 4 | _aTransport kombinowany | |
| 650 | 4 | _aTransport międzynarodowy | |
| 700 | 1 | _aMiklińska, Joanna. | |
| 700 | 1 |
_aUrbanyi-Popiołek, Ilona _eAutor |
|
| 856 |
_uhttp://koha.tu.koszalin.pl/cgi-bin/koha/opac-detail.pl?biblionumber=40948 _yKatalog online BPK |
||
| 942 |
_2UKD _cKS |
||
| 999 |
_c40948 _d40948 |
||